| 000 | 00485nam a2200169Ia 4500 | ||
|---|---|---|---|
| 008 | 220216s9999 xx 000 0 und d | ||
| 100 | _aMarkin V S | ||
| 245 | 0 | _aTransport of water in poly(3-hydroxy-butyrate)-natural rubber blends | |
| 260 |
_bInternational Polymer Science and Technology _c2007 |
||
| 300 | _a13-Nov | ||
| 650 | _aNatural rubber blends | ||
| 700 | _aIordanskii A L | ||
| 700 | _aPankova Yu N | ||
| 700 | _aPotapov E E | ||
| 700 | _aShershnev V A | ||
| 942 | _cJS | ||
| 999 |
_c71504 _d71504 |
||